Using Authentic Video in the Language Classroom

Библиографические подробности
Главный автор: Sherman J. Jane
Язык:английский
Опубликовано: Cambridge, Cambridge University Press, 2003
Серии:Cambridge Handbooks for Language Teachers
Предметы:
Формат: MixedMaterials Книга
Запись в KOHA:https://koha.lib.tpu.ru/cgi-bin/koha/opac-detail.pl?biblionumber=220279

MARC

LEADER 00000nam0a2200000 4500
001 220279
005 20231101230325.0
010 |a 0521799619 
035 |a (RuTPU)RU\TPU\book\240400 
090 |a 220279 
100 |a 20120821d2003 m y0engy50 ba 
101 0 |a eng 
102 |a GB 
105 |a y j 001zy 
200 1 |a Using Authentic Video in the Language Classroom  |f J. Sherman 
210 |a Cambridge  |c Cambridge University Press  |d 2003 
215 |a 277 p.  |c il. 
225 1 |a Cambridge Handbooks for Language Teachers 
320 |a Index: p. 275-277. 
606 1 |a Английский язык  |x Содержание и методика преподавания языка в высшей школе  |2 stltpush  |3 (RuTPU)RU\TPU\subj\29068  |9 52480 
610 1 |a лексика 
610 1 |a грамматика 
610 1 |a разговорная речь 
610 1 |a методика 
610 1 |a обучение 
686 |a Ш143.21-91  |v LBC/SL-A  |2 rubbk 
700 1 |a Sherman  |b J.  |g Jane 
801 1 |a RU  |b 63413507  |c 20120821 
801 2 |a RU  |b 63413507  |c 20120912  |g RCR 
942 |c BK